Meteorología física: el tiempo
Gespeichert in:
| 1. Verfasser: | |
|---|---|
| Format: | Buch |
| Sprache: | Spanisch |
| Veröffentlicht: |
Buenos Aires
Kapelusz
1954
|
| Schlagworte: | |
| Tags: |
Tag hinzufügen
Keine Tags, Fügen Sie den ersten Tag hinzu!
|
MARC
| LEADER | 00000nam a2200000 a 4500 | ||
|---|---|---|---|
| 001 | UCU4560 | ||
| 003 | CL-VaPUC | ||
| 008 | 960524e19540000AG |||||||||||||||||spa|d | ||
| 082 | 0 | 4 | |a 551.5 |b JAG |2 21 |
| 100 | 0 | |a Jagsich, Juan |e author |9 362193 | |
| 245 | 1 | 0 | |a Meteorología física: el tiempo |
| 300 | |a 547 p | ||
| 942 | |c BK | ||
| 945 | |d 19960524 00:00:00 |a cmena | ||
| 260 | |a Buenos Aires |b Kapelusz |c 1954 | ||
| 650 | 7 | |a METEOROLOGIA |2 CL-VaPUC |9 260030 | |
| 650 | 0 | |a Fuentes de energía |9 263042 | |
| 650 | 7 | |a ENERGIA SOLAR |2 CL-VaPUC |9 362194 | |
| 650 | 7 | |a SOL |2 CL-VaPUC |9 362195 | |
| 650 | 0 | |a Atmósfera terrestre |9 343034 | |
| 650 | 7 | |a TEMPERATURA |2 CL-VaPUC |9 362196 | |
| 650 | 0 | |a Climatología |9 262302 | |
| 650 | 7 | |a PRESION ATMOSFERICA |2 CL-VaPUC |9 360580 | |
| 650 | 0 | |a Vientos |9 333990 | |
| 650 | 7 | |a TIEMPO ATMOSFERICO |2 CL-VaPUC |9 360604 | |
| 650 | 7 | |a TEMPESTADES |2 CL-VaPUC |9 262163 | |
| 583 | |a last modification |c 19960524 00:00:00 |k Rodrigo Vera | ||
| 999 | |c 248236 |d 248234 | ||
| 952 | |0 0 |1 0 |4 0 |6 551_500000000000000_JAG_1954 |7 0 |8 A |9 264723 |a BIBING |b BIBING |d 2019-11-19 |i 1666630 |o 551.5 JAG 1954 |p 1666630 |r 2025-01-20 |w 2019-11-19 |y BK |k ING | ||